| 000 | 00710nab a2200193 4500 | ||
|---|---|---|---|
| 001 | 244442 | ||
| 003 | OSt | ||
| 005 | 20250505133636.0 | ||
| 007 | tu | ||
| 008 | 200917s2020||||||| | ||
| 040 |
_aDE-2950 _cDE-2950 |
||
| 245 | 0 | 0 |
_aEin Mann, der bewegt und begeistert _bRotary Club. Krzysztof Wojciechowski wurde am Montagabend die Leopold-Medaille 2025 für seine Verdienste um die Entwicklung und Pflege der grenzüberschreitenden Zusammenarbeit verliehen/ _cJörg Kotterba |
| 264 | _c2024 | ||
| 653 | _aFrankfurt (Oder) | ||
| 653 | _aLeopold-Medaille | ||
| 653 | _aKrzysztof Wojciechowski | ||
| 773 | 0 |
_g36. Jahrgang (2025) Nr. 101 vom 02..05.2025, S. 16, mit Fotos _tMärkische Oderzeitung |
|
| 942 |
_2z _cA |
||
| 999 |
_c373759 _d373759 |
||